000 00388nam a2200145 i 4500
001 bg
245 0 _aZbiór zadań z elektrotechniki teoretycznej :
_bpraca zbiorowa /
_caut. Andrzej Cichocki [et al.].
250 _aWyd.3 zm.
260 _aWarszawa,
_c1985.
700 1 _aCichocki, Andrzej.
040 _cBPK
041 _apol
942 _cKS
008 s pl f |000 0 pol
999 _c1249
_d1249
856 _uhttp://koha.tu.koszalin.pl/cgi-bin/koha/opac-detail.pl?biblionumber=1249
_yKatalog online BPK